000 00295nam a22001337a 4500
008 171002b xxu||||| |||| 00| 0 eng d
020 _a9780131126008
041 _aeng
080 _24 ED
_a37
100 _a47
101 _aEDU
245 _aEXCEPTIONAL LIVES
_cTURNBUL.R
942 _2udc
_cBK
999 _c31147
_d31147